Competitiveness of enterprises in selected sector of the Slovak Republic

Hodnotenie finančného výsledku, neinvestičných dotácií pridelených farmám v regiónoch a úrovni produktivity práce každého regiónu na Slovensku v rokoch 2012 až 2014. Návrh opatrení, ktoré by mali za následok atraktívnejšie podnikanie v poľnohospodárstve na Slovensku a a tým pádom aj zvýšenie zamestn...

Full description

Saved in:
Bibliographic Details
Main Author: Šúbertová, Elena
Format: Book Chapter
Language:English
Subjects:
Tags: Add Tag
No Tags, Be the first to tag this record!

MARC

LEADER 00000nla a2200000 4500
001 0226949
005 20240527074540.1
041 0 |a eng 
044 |a CZ 
245 1 0 |a Competitiveness of enterprises in selected sector of the Slovak Republic  |c Elena Šúbertová 
520 |a Hodnotenie finančného výsledku, neinvestičných dotácií pridelených farmám v regiónoch a úrovni produktivity práce každého regiónu na Slovensku v rokoch 2012 až 2014. Návrh opatrení, ktoré by mali za následok atraktívnejšie podnikanie v poľnohospodárstve na Slovensku a a tým pádom aj zvýšenie zamestnanosti v súvisiacich službách. 
610 2 0 |a agropodnikanie 
610 2 0 |a dotácie 
610 2 0 |a konkurencieschopnosť 
610 2 0 |a trh práce 
100 1 |a Šúbertová, Elena